The Chartered Auctioneers' and Estate Agents' Institute (Record no. 95108)
[ view plain ]
| 000 -LEADER | |
|---|---|
| fixed length control field | 01280cam a2200253 4500 |
| 001 - CONTROL NUMBER | |
| control field | D2294 |
| 008 - FIXED-LENGTH DATA ELEMENTS--GENERAL INFORMATION | |
| fixed length control field | 1970 co d |
| 035 ## - SYSTEM CONTROL NUMBER | |
| System control number | (Sirsi) u68485 |
| 041 ## - LANGUAGE CODE | |
| Language code of text/sound track or separate title | eng |
| 050 ## - LIBRARY OF CONGRESS CALL NUMBER | |
| Classification number | 920 $2 18 |
| 100 ## - MAIN ENTRY--PERSONAL NAME | |
| Personal name | Chapman, D. H. |
| 245 04 - TITLE STATEMENT | |
| Title | The Chartered Auctioneers' and Estate Agents' Institute |
| Remainder of title | a short history |
| 260 ## - PUBLICATION, DISTRIBUTION, ETC. | |
| Place of publication, distribution, etc. | London |
| Name of publisher, distributor, etc. | CAEAI |
| Date of publication, distribution, etc. | 1970 |
| 300 ## - PHYSICAL DESCRIPTION | |
| Extent | viii, 103 p. |
| Other physical details | ports., ill. |
| Dimensions | 22cm |
| 350 ## - PRICE (NR) (BK AM CF MU VM SE) [OBSOLETE] | |
| Price | 1.75 |
| 505 2# - FORMATTED CONTENTS NOTE | |
| Formatted contents note | The making of a profession -- Origins of the Institute -- Coming of age -- From reconstruction to redestruction -- The laster quarter-century -- Members and membership -- Council and committees -- Auctioneering particulars -- Education and training -- Professional etiquette -- Incorporated by Royal Charter -- Registration: a failure story -- The greatest of these |
| 505 0# - FORMATTED CONTENTS NOTE | |
| Formatted contents note | Appendices: The branches -- Annual provincial meetings -- Coat of arms -- Prizes and awards -- Past Presidents -- The last Council |
| 520 ## - SUMMARY, ETC. | |
| Summary, etc. | Sets out the history of the Chartered Auctioneers' and Estate Agents' Institute, who merged with RICS in 1970. |
| 610 24 - SUBJECT ADDED ENTRY--CORPORATE NAME | |
| Corporate name or jurisdiction name as entry element | Chartered Auctioneers' and Estate Agents' Institute |
| 651 #4 - SUBJECT ADDED ENTRY--GEOGRAPHIC NAME | |
| Geographic name | United Kingdom |
| Chronological subdivision | |
| 690 ## - LOCAL SUBJECT ADDED ENTRY--TOPICAL TERM (OCLC, RLIN) | |
| Topical term or geographic name as entry element | ABOUT RICS-RELATED ORGANISATIONS |
| 942 ## - ADDED ENTRY ELEMENTS (KOHA) | |
| Suppress in OPAC | 0 |
| 948 ## - LOCAL PROCESSING INFORMATION (OCLC); SERIES PART DESIGNATOR (RLIN) | |
| c (OCLC) | 04/03/1997 |
| Withdrawn status | Lost status | Source of classification or shelving scheme | Damaged status | Not for loan | Home library | Current library | Shelving location | Date acquired | Cost, normal purchase price | Total Checkouts | Full call number | Barcode | Date last seen | Date last checked out | Copy number | Cost, replacement price | Price effective from | Koha item type |
|---|---|---|---|---|---|---|---|---|---|---|---|---|---|---|---|---|---|---|
| Dewey Decimal Classification | London | London | Reference copy | 14/09/1999 | 1.75 | 3 | 920 CHA | 30000539 | 06/08/2019 | 14/02/2002 | 1 | 1.75 | 06/08/2019 | Book | ||||
| Dewey Decimal Classification | London | London | Books | 22/11/2007 | 920 CHA | 30074458 | 06/08/2019 | 2 | 06/08/2019 | Book |